[Event "VIII Torneo Leonardo di Bona A"]
[Site "Cutro ITA"]
[Date "2002.04.28"]
[Round "6"]
[White "Janev, Evgeni"]
[Black "Estremera Panos, Sergio"]
[Result "1-0"]
[WhiteElo "2521"]
[BlackElo "2377"]
[PlyCount "81"]
[EventDate "2002.04.24"]

1. e4 c5 2. Nf3 Nc6 3. Bb5 g6 4. O-O Bg7 5. Re1 Nf6 6. e5 Nd5 7. Nc3 Nc7 8.
Bxc6 dxc6 9. Ne4 Ne6 10. d3 O-O 11. Bd2 b6 12. Qc1 Nd4 13. Nxd4 Qxd4 14. Bc3
Qd5 15. Qf4 Bf5 16. Nd2 Be6 17. a4 a5 18. b3 Qd7 19. Re3 Qc7 20. Qh4 Bd5 21.
Rae1 h6 22. f4 Qd7 23. Bb2 Rae8 24. Qf2 Be6 25. h3 Bd5 26. c4 Be6 27. Nf3 b5
28. Bc3 bxa4 29. bxa4 Rb8 30. Nd2 Bf5 31. Qf3 h5 32. Kh2 Rb7 33. Rg1 h4 34. Qf2
Bxd3 35. Qxh4 Rd8 36. Bxa5 Ra8 37. Bc3 Rxa4 38. e6 fxe6 39. Bxg7 Kxg7 40. Nf3
Rxc4 41. Ng5 1-0

[Event "VIII Torneo Leonardo di Bona A"]
[Site "Cutro ITA"]
[Date "2002.04.28"]
[Round "6"]
[White "Ristic, Nenad"]
[Black "Jonkman, Harmen"]
[Result "0-1"]
[WhiteElo "2464"]
[BlackElo "2520"]
[PlyCount "82"]
[EventDate "2002.04.24"]

1. d4 d5 2. Nf3 Nf6 3. c4 dxc4 4. e3 e6 5. Bxc4 a6 6. O-O b5 7. Bb3 Bb7 8. Qe2
c5 9. a4 b4 10. Rd1 Nbd7 11. Nbd2 Be7 12. e4 cxd4 13. e5 Nd5 14. Ne4 Qb8 15.
Nd6+ Bxd6 16. exd6 Qxd6 17. Rxd4 O-O 18. Bc2 e5 19. Rh4 N5f6 20. Bg5 e4 21. Nd2
Qe5 22. Bxf6 Nxf6 23. Nxe4 Bxe4 24. Bxe4 Rfe8 25. Re1 g5 26. Rg4 Nxg4 27. Qxg4
f5 28. Bd5+ Kh8 29. Rxe5 fxg4 30. Rxe8+ Rxe8 31. g3 Re1+ 32. Kg2 Kg7 33. b3 Re2
34. Bc4 Rb2 35. h3 gxh3+ 36. Kxh3 Kf6 37. Kg4 a5 38. f3 Rd2 39. f4 gxf4 40.
gxf4 Rd4 41. Bg8 Rd3 0-1

[Event "VIII Torneo Leonardo di Bona A"]
[Site "Cutro ITA"]
[Date "2002.04.28"]
[Round "6"]
[White "Roeder, Matthias"]
[Black "Georgiev, Vladimir"]
[Result "1/2-1/2"]
[WhiteElo "2487"]
[BlackElo "2502"]
[PlyCount "23"]
[EventDate "2002.04.24"]

1. d4 d6 2. Nf3 Nf6 3. c4 g6 4. Nc3 Bf5 5. Nh4 Bd7 6. Nf3 c5 7. d5 Bg7 8. e4
O-O 9. Be2 Na6 10. O-O Nc7 11. a4 e5 12. Ne1 1/2-1/2

[Event "VIII Torneo Leonardo di Bona A"]
[Site "Cutro ITA"]
[Date "2002.04.28"]
[Round "6"]
[White "Scerbo, Antonio"]
[Black "Pegorari, Pietro"]
[Result "1/2-1/2"]
[WhiteElo "2091"]
[BlackElo "2386"]
[PlyCount "23"]
[EventDate "2002.04.24"]

1. d4 d5 2. c4 e6 3. Nc3 Nf6 4. Bg5 c6 5. e3 Nbd7 6. Nf3 Qb6 7. Qc2 Ne4 8. Nxe4
dxe4 9. c5 Qa5+ 10. Qd2 Qc7 11. Bf4 Qd8 12. Ne5 1/2-1/2

[Event "VIII Torneo Leonardo di Bona A"]
[Site "Cutro ITA"]
[Date "2002.04.28"]
[Round "6"]
[White "Todorov, Ognjan"]
[Black "Starostits, Ilmars"]
[Result "1/2-1/2"]
[WhiteElo "2381"]
[BlackElo "2438"]
[PlyCount "40"]
[EventDate "2002.04.24"]

1. d4 d5 2. Nf3 c6 3. c4 dxc4 4. e3 Be6 5. Nc3 b5 6. Ng5 Bd7 7. a4 e6 8. Nge4
Nf6 9. Nxf6+ Qxf6 10. Be2 a5 11. Bf3 Ra7 12. O-O Bb4 13. e4 O-O 14. Be3 bxa4
15. Nxa4 Bc8 16. Qc2 Qg6 17. Nb6 Ba6 18. Nxc4 Nd7 19. Rfc1 h5 20. h3 Rc8
1/2-1/2

[Event "VIII Torneo Leonardo di Bona A"]
[Site "Cutro ITA"]
[Date "2002.04.28"]
[Round "6"]
[White "Vasilev, Milen"]
[Black "Aleksic, Nenad"]
[Result "1/2-1/2"]
[WhiteElo "2424"]
[BlackElo "2381"]
[PlyCount "52"]
[EventDate "2002.04.24"]

1. d4 Nf6 2. c4 e6 3. Nc3 Bb4 4. g3 d6 5. Bg2 Bxc3+ 6. bxc3 O-O 7. Nf3 Nc6 8.
O-O Rb8 9. Qc2 Re8 10. Rd1 Na5 11. c5 d5 12. Ne5 Nd7 13. Nxd7 Qxd7 14. e4 b6
15. exd5 exd5 16. Bf4 Ba6 17. cxb6 axb6 18. Re1 Bc4 19. h4 Nb7 20. Kh2 Nd6 21.
Be5 h6 22. Bh3 Qc6 23. Bg2 Re7 24. Qd1 Ne4 25. Qg4 f6 26. Bxe4 dxe4 1/2-1/2

[Event "VIII Torneo Leonardo di Bona A"]
[Site "Cutro ITA"]
[Date "2002.04.28"]
[Round "6"]
[White "Zelcic, Robert"]
[Black "Korneev, Oleg"]
[Result "1-0"]
[WhiteElo "2547"]
[BlackElo "2599"]
[PlyCount "131"]
[EventDate "2002.04.24"]

1. e4 e5 2. Nf3 Nf6 3. d4 Nxe4 4. Bd3 d5 5. Nxe5 Nd7 6. Nxd7 Bxd7 7. O-O Bd6 8.
Nc3 Nxc3 9. bxc3 O-O 10. Qh5 f5 11. Qf3 c6 12. Bf4 Qc7 13. Bxd6 Qxd6 14. Rfe1
Rae8 15. Rxe8 Rxe8 16. a4 b6 17. g3 g6 18. Bf1 Kg7 19. Qd3 Re7 20. Bg2 f4 21.
c4 Bf5 22. Qc3 Be4 23. Rd1 h5 24. Bxe4 Rxe4 25. cxd5 Qxd5 26. Qd3 Qf5 27. Kg2
h4 28. f3 h3+ 29. Kf2 fxg3+ 30. hxg3 Re8 31. Qxf5 gxf5 32. c4 Kf6 33. Rh1 Rh8
34. Kg1 c5 35. dxc5 bxc5 36. Kh2 Rb8 37. Rd1 Rb4 38. Rd6+ Ke5 39. Rd5+ Ke6 40.
Rxc5 Rxa4 41. Kxh3 Ra3 42. f4 a5 43. Kh4 Rc3 44. Rxa5 Kf6 45. Ra6+ Ke7 46. Rc6
Rd3 47. c5 Rc3 48. Kg5 Rxg3+ 49. Kxf5 Rc3 50. Re6+ Kf7 51. Re5 Rc4 52. Rd5 Ke7
53. Ke5 Rc1 54. f5 Re1+ 55. Kd4 Rc1 56. Rd6 Rd1+ 57. Ke5 Rf1 58. f6+ Ke8 59.
Kd5 Ra1 60. Kc6 Rc1 61. Kb6 Rb1+ 62. Kc7 Kf7 63. c6 Ke8 64. Re6+ Kf7 65. Kd7
Rc1 66. Rd6 1-0

[Event "VIII Torneo Leonardo di Bona A"]
[Site "Cutro ITA"]
[Date "2002.04.29"]
[Round "7"]
[White "Aleksic, Nenad"]
[Black "Efimov, Igor"]
[Result "1/2-1/2"]
[WhiteElo "2381"]
[BlackElo "2446"]
[PlyCount "45"]
[EventDate "2002.04.24"]

1. e4 c5 2. Nf3 e6 3. Nc3 Nf6 4. e5 Nd5 5. Nxd5 exd5 6. d4 Nc6 7. dxc5 Bxc5 8.
Bd3 d6 9. exd6 Qxd6 10. O-O O-O 11. Re1 h6 12. Be3 Bg4 13. h3 Bh5 14. c3 Rad8
15. Bxc5 Qxc5 16. Be2 Rfe8 17. Nd2 Bxe2 18. Rxe2 Qb5 19. Rxe8+ Rxe8 20. Qb3
Qxb3 21. Nxb3 Re2 22. Rb1 b6 23. Kf1 1/2-1/2

[Event "VIII Torneo Leonardo di Bona A"]
[Site "Cutro ITA"]
[Date "2002.04.29"]
[Round "7"]
[White "Artizzu, Giulio"]
[Black "Contin, Daniel"]
[Result "1/2-1/2"]
[WhiteElo "2129"]
[BlackElo "2338"]
[PlyCount "126"]
[EventDate "2002.04.24"]

1. e4 e6 2. d4 d5 3. Nc3 Bb4 4. e5 c5 5. a3 Bxc3+ 6. bxc3 Ne7 7. Qg4 O-O 8. Bd3
f5 9. exf6 Rxf6 10. Bg5 e5 11. Qh4 e4 12. Bxf6 gxf6 13. Qxf6 exd3 14. Qg5+ Kf7
15. Qh5+ Kf8 16. Qh6+ Ke8 17. Qxh7 Bf5 18. Qh8+ Kd7 19. Qxd8+ Kxd8 20. cxd3
cxd4 21. cxd4 Nbc6 22. Ne2 Bxd3 23. Rd1 Bc4 24. g4 Kd7 25. f3 Ng6 26. Kf2 Rh8
27. h4 Nxh4 28. Nf4 Ne7 29. Rhe1 Neg6 30. Nh5 Rf8 31. Re3 b5 32. Kg3 a5 33. f4
b4 34. axb4 axb4 35. Rh1 Kc6 36. f5 Kb5 37. fxg6 Nxg6 38. Re6 Bd3 39. Nf6 Kc4
40. Nd7 Rd8 41. Nc5 Nf8 42. Rc6 Kb5 43. Rc7 Bg6 44. Rb1 Rb8 45. Rxb4+ Kxb4 46.
Na6+ Kb5 47. Nxb8 Ne6 48. Rc6 Bf7 49. Rc8 Nxd4 50. Nd7 Be6 51. Rb8+ Kc6 52.
Ne5+ Kd6 53. Nd3 Nc6 54. Rb2 d4 55. Kf4 Bc4 56. Rd2 Kd5 57. g5 Bxd3 58. Rxd3
Ne5 59. Rd1 d3 60. Kf5 Kd4 61. Rxd3+ Nxd3 62. g6 Ne5 63. g7 Nf7 1/2-1/2

[Event "VIII Torneo Leonardo di Bona A"]
[Site "Cutro ITA"]
[Date "2002.04.29"]
[Round "7"]
[White "Bagaturov, Giorgi"]
[Black "Drasko, Milan"]
[Result "0-1"]
[WhiteElo "2434"]
[BlackElo "2513"]
[PlyCount "74"]
[EventDate "2002.04.24"]

1. c4 Nf6 2. Nc3 e5 3. Nf3 Nc6 4. a3 g6 5. g3 Bg7 6. Bg2 O-O 7. O-O d5 8. cxd5
Nxd5 9. Nxd5 Qxd5 10. d3 Qb5 11. Qc2 Be6 12. Be3 e4 13. dxe4 Bb3 14. Qc5 Qxc5
15. Bxc5 Rfd8 16. e5 a5 17. a4 Nxe5 18. Nxe5 Bxe5 19. Bxb7 Rab8 20. Bc6 Bxb2
21. Rae1 Bc4 22. Ba7 Rb3 23. Rd1 Rd6 24. Rxd6 cxd6 25. Rd1 Bxe2 26. Rxd6 Rd3
27. Bd5 Ba3 28. Rd7 Kf8 29. Rd8+ Ke7 30. Bb6 Bc5 31. Bxa5 f5 32. Bc7 g5 33. Kg2
g4 34. a5 Rd1 35. h4 Rxd5 36. Rxd5 Bf3+ 37. Kf1 Bxd5 0-1

[Event "VIII Torneo Leonardo di Bona A"]
[Site "Cutro ITA"]
[Date "2002.04.29"]
[Round "7"]
[White "Calzetta Ruiz, Monica"]
[Black "Scerbo, Antonio"]
[Result "1-0"]
[WhiteElo "2278"]
[BlackElo "2091"]
[PlyCount "80"]
[EventDate "2002.04.24"]

1. e4 c5 2. Nf3 Nc6 3. d4 cxd4 4. Nxd4 Nf6 5. Nc3 e5 6. Ndb5 d6 7. Bg5 a6 8.
Na3 b5 9. Bxf6 gxf6 10. Nd5 Bg7 11. Bd3 Ne7 12. Nxe7 Qxe7 13. O-O O-O 14. c4 f5
15. Qf3 Re8 16. Rad1 b4 17. Nc2 f4 18. Be2 a5 19. b3 f5 20. Bd3 Bb7 21. Rfe1
Qg5 22. Qh3 Qg4 23. Qxg4 fxg4 24. a3 a4 25. Nxb4 axb3 26. Ra1 b2 27. Ra2 Bf8
28. Rb1 d5 29. cxd5 Bxb4 30. Raxb2 Rxa3 31. Rxb4 Rxd3 32. Rxb7 Rc8 33. Re7 Rdc3
34. h3 g3 35. fxg3 fxg3 36. Rf1 Rc2 37. Rxe5 Re2 38. d6 Rd8 39. Rg5+ Kh8 40. e5
Rb8 1-0

[Event "VIII Torneo Leonardo di Bona A"]
[Site "Cutro ITA"]
[Date "2002.04.29"]
[Round "7"]
[White "Chatalbashev, Boris"]
[Black "Roeder, Matthias"]
[Result "1-0"]
[WhiteElo "2537"]
[BlackElo "2487"]
[PlyCount "45"]
[EventDate "2002.04.24"]

1. d4 Nf6 2. c4 e6 3. Nf3 b6 4. e3 Bb7 5. Nc3 Bb4 6. Bd3 Ne4 7. O-O Nxc3 8.
bxc3 Bxc3 9. Rb1 Nc6 10. c5 Ba5 11. Ba3 d6 12. Qc2 h6 13. cxd6 cxd6 14. Bb5 O-O
15. Bxc6 Rc8 16. d5 exd5 17. Nd4 Bxc6 18. Nxc6 Qd7 19. Rbc1 Rfe8 20. Rfd1 Rc7
21. Rxd5 Rec8 22. Rxd6 Qe8 23. Qd1 1-0

[Event "VIII Torneo Leonardo di Bona A"]
[Site "Cutro ITA"]
[Date "2002.04.29"]
[Round "7"]
[White "Estremera Panos, Sergio"]
[Black "Vasilev, Milen"]
[Result "0-1"]
[WhiteElo "2377"]
[BlackElo "2424"]
[PlyCount "88"]
[EventDate "2002.04.24"]

1. d4 Nf6 2. c4 c5 3. d5 b5 4. cxb5 a6 5. e3 g6 6. Nc3 Bg7 7. e4 O-O 8. a4 Bb7
9. e5 Ne8 10. Nf3 d6 11. Bf4 Qa5 12. Be2 Qb4 13. Qd2 Nd7 14. a5 axb5 15. Bxb5
Nb6 16. O-O Rxa5 17. Rxa5 Qxa5 18. Bc6 Nc4 19. Qe2 Ba6 20. e6 f5 21. Rc1 h6 22.
Qc2 Qb4 23. Rb1 Nc7 24. Na2 Qb6 25. Nd2 Nxd2 26. Bxd2 Nxe6 27. dxe6 Qxc6 28.
Nb4 Qb7 29. Nxa6 Qxa6 30. h4 Qe2 31. Re1 Qg4 32. g3 f4 33. Re4 g5 34. hxg5 hxg5
35. Bc3 Qf3 36. Rxf4 Rxf4 37. gxf4 Qg4+ 38. Kf1 gxf4 39. Qe4 Bxc3 40. bxc3 Kg7
41. f3 Qg5 42. Qb7 Kf6 43. Qc8 Qf5 44. Qg8 Qd3+ 0-1

[Event "VIII Torneo Leonardo di Bona A"]
[Site "Cutro ITA"]
[Date "2002.04.29"]
[Round "7"]
[White "Georgiev, Vladimir"]
[Black "Zelcic, Robert"]
[Result "1-0"]
[WhiteElo "2502"]
[BlackElo "2547"]
[PlyCount "103"]
[EventDate "2002.04.24"]

1. d4 Nf6 2. c4 e6 3. Nc3 Bb4 4. e3 b6 5. Bd3 Bb7 6. Nf3 O-O 7. O-O d5 8. cxd5
exd5 9. Bd2 Nbd7 10. Rc1 a6 11. Ne5 Bd6 12. f4 Ne4 13. Be1 Nxc3 14. bxc3 Nf6
15. Bh4 Be7 16. Qc2 h6 17. c4 c5 18. Bxf6 Bxf6 19. cxd5 cxd4 20. e4 Bxe5 21.
fxe5 Qg5 22. Qf2 Qxe5 23. Rc4 Rad8 24. Qxd4 Qxd4+ 25. Rxd4 b5 26. a4 f5 27.
axb5 axb5 28. Bxb5 fxe4 29. d6 Rxf1+ 30. Kxf1 Kf7 31. Ke2 Ke6 32. d7 Ke7 33.
Ke3 Ra8 34. g3 Rf8 35. Rc4 Kd8 36. Rc5 Rf6 37. Kd4 Re6 38. Rf5 Bc6 39. Bxc6
Rxc6 40. Rf7 Re6 41. Kd5 Ra6 42. Kxe4 Ra2 43. h4 g6 44. Rf6 Ra4+ 45. Ke5 g5 46.
h5 Kxd7 47. Rxh6 Rg4 48. Rd6+ Ke7 49. Rd3 Ra4 50. Kf5 g4 51. Kg6 Ra6+ 52. Kg7
1-0

[Event "VIII Torneo Leonardo di Bona A"]
[Site "Cutro ITA"]
[Date "2002.04.29"]
[Round "7"]
[White "Ivanov, Jordan"]
[Black "Ristic, Nenad"]
[Result "0-1"]
[WhiteElo "2411"]
[BlackElo "2464"]
[PlyCount "46"]
[EventDate "2002.04.24"]

1. d4 Nf6 2. Nf3 g6 3. c4 Bg7 4. Nc3 d5 5. cxd5 Nxd5 6. e4 Nxc3 7. bxc3 c5 8.
Be3 O-O 9. Qd2 Qa5 10. Rc1 Bg4 11. d5 Nd7 12. Ng5 Nf6 13. h3 Bd7 14. e5 Ne8 15.
Nf3 e6 16. d6 Bc6 17. Bg5 f6 18. Bc4 fxg5 19. Bxe6+ Kh8 20. Bd5 Rxf3 21. gxf3
Bxe5 22. Qxg5 Bxc3+ 23. Kf1 Bf6 0-1

[Event "VIII Torneo Leonardo di Bona A"]
[Site "Cutro ITA"]
[Date "2002.04.29"]
[Round "7"]
[White "Jonkman, Harmen"]
[Black "Janev, Evgeni"]
[Result "0-1"]
[WhiteElo "2520"]
[BlackElo "2521"]
[PlyCount "66"]
[EventDate "2002.04.24"]

1. e4 Nf6 2. e5 Nd5 3. d4 d6 4. Nf3 Nb6 5. a4 a5 6. Nc3 g6 7. exd6 cxd6 8. Bb5+
N8d7 9. Bg5 h6 10. Bh4 Bg7 11. Qe2 Kf8 12. Bg3 Nf6 13. O-O Be6 14. Bd3 Qd7 15.
Rfe1 g5 16. Nb5 Nbd5 17. c4 Nf4 18. Bxf4 gxf4 19. d5 Bg4 20. h3 Bh5 21. Rac1 b6
22. Nbd4 Re8 23. b3 Qc7 24. Bf5 Qc5 25. Qd3 Rg8 26. Kh2 Bxf3 27. gxf3 Nxd5 28.
Rcd1 Nb4 29. Qe4 Bxd4 30. Rxd4 Nc2 31. Red1 Nxd4 32. Rxd4 e6 33. Bg4 h5 0-1

[Event "VIII Torneo Leonardo di Bona A"]
[Site "Cutro ITA"]
[Date "2002.04.29"]
[Round "7"]
[White "Lazic, Miroljub"]
[Black "De Vreugt, Dennis"]
[Result "0-1"]
[WhiteElo "2474"]
[BlackElo "2457"]
[PlyCount "82"]
[EventDate "2002.04.24"]

1. e4 e5 2. Nf3 Nc6 3. Bc4 Nf6 4. d3 Bc5 5. c3 d6 6. O-O h6 7. d4 Bb6 8. dxe5
Nxe5 9. Nxe5 dxe5 10. Qf3 Qe7 11. Qg3 g5 12. Nd2 Nh5 13. Qf3 g4 14. Qd1 Qh4 15.
Kh1 Bxf2 16. Rxf2 Qxf2 17. Nf1 a6 18. Be3 Qf6 19. Bc5 Qc6 20. b4 Nf4 21. Bb3
Bd7 22. Bd5 Nxd5 23. exd5 Qg6 24. d6 cxd6 25. Bxd6 Bc6 26. b5 axb5 27. Bb4 Rd8
28. Qe2 Qe4 29. Qf2 f6 30. Re1 Qg6 31. Qc5 Rd7 32. Ng3 Kf7 33. Rf1 Kg7 34. Qf2
Rhd8 35. Nf5+ Kh7 36. Be7 Re8 37. Nh4 Qe4 38. Re1 Qf4 39. Qc2+ e4 40. g3 Rd2
41. Qb3 e3+ 0-1

[Event "VIII Torneo Leonardo di Bona A"]
[Site "Cutro ITA"]
[Date "2002.04.29"]
[Round "7"]
[White "Pegorari, Pietro"]
[Black "Isonzo, David"]
[Result "0-1"]
[WhiteElo "2386"]
[BlackElo "2360"]
[PlyCount "78"]
[EventDate "2002.04.24"]

1. c4 g6 2. g3 Bg7 3. Bg2 d6 4. Nc3 e5 5. d3 Nf6 6. Nf3 O-O 7. O-O Re8 8. Rb1
a5 9. a3 c6 10. Qc2 h6 11. b4 axb4 12. axb4 d5 13. Nd2 Be6 14. Rd1 Nbd7 15. c5
h5 16. Bb2 h4 17. Ra1 hxg3 18. hxg3 Rb8 19. Na4 Ng4 20. e4 f5 21. Nf1 d4 22.
Bc1 Rf8 23. f3 Ngf6 24. Bg5 Qe8 25. Rdb1 f4 26. gxf4 Nh7 27. Nb2 exf4 28. Bh4
g5 29. Bf2 g4 30. fxg4 f3 31. Bh1 Qg6 32. Nc4 Qxg4+ 33. Ng3 Ng5 34. Kf1 Ne5 35.
Nd6 Qh3+ 36. Ke1 Ng4 37. Ra2 Ne3 38. Bxe3 dxe3 39. Qh2 f2+ 0-1

[Event "VIII Torneo Leonardo di Bona A"]
[Site "Cutro ITA"]
[Date "2002.04.29"]
[Round "7"]
[White "Skembris, Spyridon"]
[Black "Genocchio, Daniele"]
[Result "0-1"]
[WhiteElo "2429"]
[BlackElo "2326"]
[PlyCount "84"]
[EventDate "2002.04.24"]

1. d4 Nf6 2. c4 e6 3. Nf3 c5 4. d5 exd5 5. cxd5 d6 6. Nc3 g6 7. e4 Bg7 8. Be2
O-O 9. O-O Re8 10. Qc2 Na6 11. Re1 Nc7 12. h3 Rb8 13. a4 a6 14. a5 b5 15. axb6
Rxb6 16. Bc4 Nb5 17. Bg5 Qc7 18. Na4 Rb8 19. Rac1 Nd7 20. Bf4 Ne5 21. Bxe5 Bxe5
22. Nxe5 Rxe5 23. f4 Re8 24. Qf2 Nd4 25. e5 Bf5 26. Nc3 dxe5 27. g4 Bc2 28.
Rxc2 Nxc2 29. Qxc2 exf4 30. Ne4 Qe5 31. Qc3 Kg7 32. d6 Qxc3 33. bxc3 f5 34.
gxf5 gxf5 35. Rd1 Rxe4 36. d7 Rxc4 37. d8=Q Rxd8 38. Rxd8 Rxc3 39. Kg2 Rg3+ 40.
Kh2 Rg5 41. Rd6 Rg6 42. Rd7+ Kf6 0-1

[Event "VIII Torneo Leonardo di Bona A"]
[Site "Cutro ITA"]
[Date "2002.04.29"]
[Round "7"]
[White "Starostits, Ilmars"]
[Black "Van Hoolandt, Patrick"]
[Result "1-0"]
[WhiteElo "2438"]
[BlackElo "2157"]
[PlyCount "105"]
[EventDate "2002.04.24"]

1. e4 e5 2. Nf3 Nc6 3. d4 exd4 4. Nxd4 Nf6 5. Nxc6 bxc6 6. e5 Qe7 7. Qe2 Nd5 8.
c4 Nb6 9. g3 g6 10. Bg2 Bg7 11. O-O O-O 12. Re1 Ba6 13. b3 Rae8 14. Bb2 f6 15.
Qd2 fxe5 16. Nc3 Bb7 17. Rad1 Rd8 18. Qc1 d6 19. Re2 Kh8 20. Ba3 Nc8 21. Rde1
Rfe8 22. h4 Qf7 23. Ne4 h6 24. Bb2 Ne7 25. Qe3 Ra8 26. g4 a5 27. Qd2 Bc8 28. f3
a4 29. Rf2 axb3 30. axb3 d5 31. Nc5 Ra2 32. Nd3 Rxb2 33. Nxb2 Qf6 34. Nd3 Qxh4
35. Nxe5 Kh7 36. Rfe2 Rf8 37. Nd3 Ng8 38. Ne5 Rf6 39. Qa5 Qg3 40. Qa7 Re6 41.
Qxc7 Ne7 42. Qb8 Bf6 43. Nxc6 Qxe1+ 44. Rxe1 Rxe1+ 45. Bf1 Nxc6 46. Qxc8 Ne7
47. Qe8 d4 48. Qf7+ Bg7 49. Kf2 Re3 50. c5 Nc6 51. Bc4 h5 52. g5 Ne7 53. c6 1-0

[Event "VIII Torneo Leonardo di Bona A"]
[Site "Cutro ITA"]
[Date "2002.04.30"]
[Round "8"]
[White "Artizzu, Giulio"]
[Black "Estremera Panos, Sergio"]
[Result "0-1"]
[WhiteElo "2129"]
[BlackElo "2377"]
[PlyCount "76"]
[EventDate "2002.04.24"]

1. e4 c5 2. Nf3 d6 3. d4 Nf6 4. Nc3 cxd4 5. Nxd4 Nc6 6. Bg5 e6 7. Qd2 Be7 8. f4
Qb6 9. O-O-O Qxd4 10. Qxd4 Nxd4 11. Rxd4 a6 12. Bxf6 gxf6 13. Bc4 Bd7 14. Rhd1
Rc8 15. Bb3 Rc5 16. R4d3 Rg8 17. Rh3 Rg7 18. Rdd3 Kf8 19. Rhg3 Rxg3 20. hxg3
Bc6 21. Kd2 Rh5 22. g4 Rh4 23. Rg3 Bd8 24. f5 Ke7 25. Ke3 Ba5 26. Ne2 Bb6+ 27.
Kd2 Bxe4 28. fxe6 fxe6 29. g5 fxg5 30. Rxg5 Bg6 31. a4 d5 32. c3 Bc7 33. g3 Rh2
34. Ke3 Kf6 35. Rg4 Bh5 36. Rf4+ Bxf4+ 37. Nxf4 Bg4 38. Nd3 e5 0-1

[Event "VIII Torneo Leonardo di Bona A"]
[Site "Cutro ITA"]
[Date "2002.04.30"]
[Round "8"]
[White "Contin, Daniel"]
[Black "Ivanov, Jordan"]
[Result "0-1"]
[WhiteElo "2338"]
[BlackElo "2411"]
[PlyCount "90"]
[EventDate "2002.04.24"]

1. c4 g6 2. Nc3 Bg7 3. g3 e5 4. Bg2 d6 5. e3 Nc6 6. Nge2 h5 7. d4 exd4 8. exd4
h4 9. d5 Ne5 10. Nd4 Kf8 11. b3 Bg4 12. Qd2 Qf6 13. O-O Nxc4 14. bxc4 Qxd4 15.
Qxd4 Bxd4 16. Bd2 hxg3 17. hxg3 Nf6 18. Rae1 a6 19. Ne4 Re8 20. Nxf6 Bxf6 21.
Rxe8+ Kxe8 22. c5 dxc5 23. d6 cxd6 24. Bxb7 Kd7 25. Rb1 Rh5 26. Bg2 Be2 27.
Rb7+ Ke6 28. Bc6 Bb5 29. Bf3 Rh7 30. Ra7 Be5 31. a4 Bxa4 32. Rxa6 Bb5 33. Ra7
Rh8 34. Bg2 Rc8 35. Bg5 Re8 36. Rb7 Ba4 37. Ra7 Bb5 38. Rb7 Ba4 39. Ra7 Bd7 40.
g4 Rb8 41. f4 Bd4+ 42. Kh2 Rb2 43. Kh3 f5 44. gxf5+ gxf5 45. Ra8 Rxg2 0-1

[Event "VIII Torneo Leonardo di Bona A"]
[Site "Cutro ITA"]
[Date "2002.04.30"]
[Round "8"]
[White "Del Rio Angelis, Salvador Gabriel"]
[Black "Ristic, Nenad"]
[Result "0-1"]
[WhiteElo "2495"]
[BlackElo "2464"]
[PlyCount "100"]
[EventDate "2002.04.24"]

1. e4 c5 2. Nf3 d6 3. d4 cxd4 4. Nxd4 Nf6 5. Nc3 g6 6. Be3 Bg7 7. f3 Nc6 8. Qd2
O-O 9. Bc4 Bd7 10. O-O-O Rc8 11. Bb3 Nxd4 12. Bxd4 b5 13. Nd5 Nxd5 14. Bxg7
Kxg7 15. exd5 a5 16. a3 Rb8 17. h4 h6 18. Qd4+ f6 19. h5 Qb6 20. hxg6 Qxd4 21.
Rxd4 Bf5 22. c3 Rfc8 23. Rhh4 Rc5 24. Bc2 Bxc2 25. Kxc2 Kxg6 26. b4 axb4 27.
axb4 Rc7 28. Rdg4+ Kh7 29. Rg3 Rbc8 30. f4 Rc4 31. Kb3 f5 32. Re3 R8c7 33. g3
Kg6 34. Rh1 Re4 35. Rhe1 Rxe3 36. Rxe3 Kh5 37. Re6 Kg4 38. Rg6+ Kf3 39. Kc2 Ke4
40. Rxh6 Kxd5 41. Kd3 e6 42. g4 fxg4 43. Rh5+ e5 44. fxe5 dxe5 45. Rg5 Rc4 46.
Rg8 Rf4 47. Rd8+ Ke6 48. Re8+ Kf5 49. Rf8+ Kg5 50. Re8 g3 0-1

[Event "VIII Torneo Leonardo di Bona A"]
[Site "Cutro ITA"]
[Date "2002.04.30"]
[Round "8"]
[White "Drasko, Milan"]
[Black "Genocchio, Daniele"]
[Result "1/2-1/2"]
[WhiteElo "2513"]
[BlackElo "2326"]
[PlyCount "80"]
[EventDate "2002.04.24"]

1. Nf3 g6 2. c4 Bg7 3. d4 d6 4. g3 c6 5. Nc3 Nf6 6. Bg2 O-O 7. O-O Qa5 8. e4
Qh5 9. Ng5 Qxd1 10. Rxd1 h6 11. Nf3 Ne8 12. Be3 Nc7 13. e5 d5 14. cxd5 Nxd5 15.
Nxd5 cxd5 16. Ne1 e6 17. Nd3 Bd7 18. Nc5 Bc6 19. Rdc1 Rc8 20. a4 a5 21. Rc3 b6
22. Nd3 Na6 23. Rb3 Rab8 24. Bf1 Bf8 25. Bd2 Bd7 26. Rc3 Kg7 27. Rac1 Ra8 28.
b3 Ba3 29. Rxc8 Rxc8 30. Rxc8 Bxc8 31. f4 Nb8 32. Kf2 Nc6 33. Ke3 Ba6 34. Be2
h5 35. h3 Be7 36. g4 hxg4 37. hxg4 f6 38. exf6+ Bxf6 39. Bc3 Kf7 40. g5 Be7
1/2-1/2

[Event "VIII Torneo Leonardo di Bona A"]
[Site "Cutro ITA"]
[Date "2002.04.30"]
[Round "8"]
[White "Efimov, Igor"]
[Black "Skembris, Spyridon"]
[Result "0-1"]
[WhiteElo "2446"]
[BlackElo "2429"]
[PlyCount "102"]
[EventDate "2002.04.24"]

1. Nf3 d5 2. c4 d4 3. e3 Nc6 4. exd4 Nxd4 5. Nxd4 Qxd4 6. Nc3 c6 7. d3 e5 8.
Be3 Qd8 9. d4 exd4 10. Bxd4 Nf6 11. Qe2+ Qe7 12. Bxf6 gxf6 13. Qxe7+ Bxe7 14.
Bd3 Be6 15. O-O-O O-O-O 16. Rhe1 f5 17. Kc2 Bd6 18. Ne2 Rhg8 19. g3 Bc7 20. a3
h5 21. Rg1 h4 22. b3 Rh8 23. f4 Bb6 24. Rgf1 hxg3 25. hxg3 Rh2 26. Rh1 Rdh8 27.
Rxh2 Rxh2 28. Kc3 Bf2 29. Rf1 c5 30. b4 b6 31. b5 Kb8 32. a4 a5 33. Rd1 Rh3 34.
Rf1 Bxg3 35. Kd2 Rh2 36. Ke3 Bh4 37. Kd2 Bf2 38. Kd1 Kc7 39. Kd2 Kd6 40. Kd1
Ke7 41. Nc3 Bd4 42. Ne2 Be3 43. Rf3 Bf2 44. Nc3 Kd6 45. Ne2 Bc8 46. Bc2 Rh1+
47. Kd2 Be1+ 48. Kd3 Bb7 49. Re3 Be4+ 50. Rxe4 fxe4+ 51. Kxe4 Rh2 0-1

[Event "VIII Torneo Leonardo di Bona A"]
[Site "Cutro ITA"]
[Date "2002.04.30"]
[Round "8"]
[White "Isonzo, David"]
[Black "Bagaturov, Giorgi"]
[Result "0-1"]
[WhiteElo "2360"]
[BlackElo "2434"]
[PlyCount "70"]
[EventDate "2002.04.24"]

1. e4 c5 2. Nf3 Nc6 3. d4 cxd4 4. Nxd4 Nf6 5. Nc3 d6 6. f3 e5 7. Nb3 Be7 8. Be3
O-O 9. Qd2 a5 10. Bb5 Na7 11. Bd3 Bd7 12. a4 Nc6 13. Bb5 Be6 14. Rd1 Nb4 15.
Qf2 Qc8 16. O-O Bc4 17. Bxc4 Qxc4 18. Bb6 d5 19. exd5 Nfxd5 20. Nxd5 Nxd5 21.
Bxa5 Nf4 22. Kh1 Qxa4 23. Bc3 Qb5 24. Rfe1 f6 25. Qf1 Qe8 26. Qc4+ Kh8 27. Qc7
b5 28. Rd7 b4 29. Bd2 Ng6 30. f4 Rf7 31. Bxb4 Bd6 32. Rxf7 Bxc7 33. Rxc7 Nxf4
34. Rd1 Qg6 35. Rd2 Qe4 0-1

[Event "VIII Torneo Leonardo di Bona A"]
[Site "Cutro ITA"]
[Date "2002.04.30"]
[Round "8"]
[White "Janev, Evgeni"]
[Black "De Vreugt, Dennis"]
[Result "1-0"]
[WhiteElo "2521"]
[BlackElo "2457"]
[PlyCount "133"]
[EventDate "2002.04.24"]

1. e4 c5 2. Nf3 e6 3. d3 Nc6 4. g3 g6 5. Bg2 Bg7 6. c3 Nge7 7. Be3 b6 8. O-O d5
9. exd5 Nxd5 10. d4 Nxe3 11. fxe3 Bb7 12. Nbd2 O-O 13. Qa4 Qe7 14. Rad1 Rad8
15. Nc4 Rd7 16. dxc5 Rxd1 17. Rxd1 Qxc5 18. Nd4 Rd8 19. Rf1 Rc8 20. Nd2 Bh6 21.
Ne4 Bxe3+ 22. Kh1 Qa5 23. Qd1 Nxd4 24. Nf6+ Kg7 25. Bxb7 Rb8 26. cxd4 Rxb7 27.
Qf3 Qa6 28. d5 exd5 29. Ne8+ Kf8 30. Nd6 Rd7 31. Kg2 f5 32. Nxf5 Rf7 33. Qxe3
Rxf5 34. Rxf5+ gxf5 35. Qh6+ Kf7 36. Qxh7+ Ke6 37. Qg6+ Ke5 38. Qe8+ Kd4 39. a3
Qd3 40. Qh8+ Kc4 41. h4 d4 42. Qc8+ Kb3 43. Qc1 Qc2+ 44. Qxc2+ Kxc2 45. h5 d3
46. h6 d2 47. h7 d1=Q 48. h8=Q Qe2+ 49. Kg1 Qf3 50. Qg7 b5 51. Qe5 a6 52. Kh2
Qd3 53. Qe6 a5 54. b3 Kd1 55. Qb6 Ke2 56. a4 bxa4 57. bxa4 Qc2 58. Kh3 Qxa4 59.
Qb2+ Kf3 60. Qc3+ Ke4 61. Qe1+ Kd5 62. Qd2+ Ke5 63. Qc3+ Kd5 64. Qd2+ Ke6 65.
Qh6+ Ke5 66. Qh8+ Ke4 67. Qh4+ 1-0